Culture and choice : (Record no. 125263)
[ view plain ]
| 000 -LEADER | |
|---|---|
| fixed length control field | 01100nam a2200301 a 4500 |
| 001 - CONTROL NUMBER | |
| control field | 1211847 |
| 003 - CONTROL NUMBER IDENTIFIER | |
| control field | ARRUPE |
| 005 - DATE AND TIME OF LATEST TRANSACTION | |
| control field | 20160916083244.0 |
| 008 - FIXED-LENGTH DATA ELEMENTS--GENERAL INFORMATION | |
| fixed length control field | 981107s1998 rh a b 000 0 eng |
| 010 ## - LIBRARY OF CONGRESS CONTROL NUMBER | |
| LC control number | 98982455 |
| 020 ## - INTERNATIONAL STANDARD BOOK NUMBER | |
| International Standard Book Number | 0797418350 |
| 040 ## - CATALOGING SOURCE | |
| Original cataloging agency | DLC |
| Transcribing agency | DLC |
| 042 ## - AUTHENTICATION CODE | |
| Authentication code | lcode |
| 043 ## - GEOGRAPHIC AREA CODE | |
| Geographic area code | f-rh--- |
| 050 00 - LIBRARY OF CONGRESS CALL NUMBER | |
| Classification number | HV6626.23.Z55 |
| Item number | A75 1998 |
| 300 ## - PHYSICAL DESCRIPTION | |
| Other physical details | ill. ; |
| Dimensions | 23 cm. |
| 100 1# - MAIN ENTRY--PERSONAL NAME | |
| Personal name | Armstrong, Alice. |
| 9 (RLIN) | 25886 |
| 245 10 - TITLE STATEMENT | |
| Title | Culture and choice : |
| Remainder of title | lessons from survivors of gender violence in Zimbabwe / |
| Statement of responsibility, etc | Alice K. Armstrong. |
| 246 17 - VARYING FORM OF TITLE | |
| Title proper/short title | Culture & choice |
| 260 ## - PUBLICATION, DISTRIBUTION, ETC. (IMPRINT) | |
| Place of publication, distribution, etc | [Harare : |
| Name of publisher, distributor, etc | Violence against Women in Zimbabwe Research Project ; |
| Place of publication, distribution, etc | Chapel Hill, U.S.A. : |
| Name of publisher, distributor, etc | AKA, distributor, |
| Date of publication, distribution, etc | c1998] |
| 300 ## - PHYSICAL DESCRIPTION | |
| Extent | ii, 149 p. : |
| 504 ## - BIBLIOGRAPHY, ETC. NOTE | |
| Bibliography, etc | Includes bibliographical references. |
| 650 #0 - SUBJECT ADDED ENTRY--TOPICAL TERM | |
| Topical term or geographic name as entry element | Abused women |
| Geographic subdivision | Zimbabwe. |
| 9 (RLIN) | 25887 |
| 650 #0 - SUBJECT ADDED ENTRY--TOPICAL TERM | |
| Topical term or geographic name as entry element | Family violence |
| Geographic subdivision | Zimbabwe. |
| 9 (RLIN) | 25888 |
| 650 #0 - SUBJECT ADDED ENTRY--TOPICAL TERM | |
| Topical term or geographic name as entry element | Sexual harassment of women |
| Geographic subdivision | Zimbabwe. |
| 9 (RLIN) | 25889 |
| 906 ## - LOCAL DATA ELEMENT F, LDF (RLIN) | |
| a | 7 |
| b | cbc |
| c | origode |
| d | 3 |
| e | ncip |
| f | 19 |
| g | y-gencatlg |
| 942 ## - ADDED ENTRY ELEMENTS (KOHA) | |
| Source of classification or shelving scheme | Library of Congress Classification |
| Koha item type | Monograph ( Printed materials) |
| Withdrawn status | Lost status | Source of classification or shelving scheme | Damaged status | Not for loan | Collection code | Home library | Current library | Shelving location | Date acquired | Total Checkouts | Full call number | Barcode | Date last seen | Date checked out | Price effective from | Koha item type |
|---|---|---|---|---|---|---|---|---|---|---|---|---|---|---|---|---|
| Library of Congress Classification | Main Collection | ARRUPE LIBRARY | ARRUPE LIBRARY | Main Collection | 16/09/2016 | 1 | HV6626.23.Z55 A75 1998 | 46500010144 | 30/04/2018 | 25/04/2017 | 16/09/2016 | Monograph ( Printed materials) |